000 00541nam a2200181Ia 4500
005 20250508160711.0
008 008 250505s9999 xx 000 0 eng d
037 _aBooks to be hide in OPAC
040 _aFEDL
_beng
_cFEDL
041 _aeng
_2eng
084 _a400.7, KRI
_qFEDL
100 _aKrishnaswamy N
_914291
245 0 _aIntroduction to linguistics for language teachers
260 _aBombay, India
_bSomaiya Publications Pvt Ltd
_c1971
300 _a232p.
942 _cHB
_h400.7, KRI
999 _c1366116
_d1366116